Revitalizácia okolia Ružinovského jazera pri ružinovskej nemocnici v Bratislave

Enregistré dans:
Détails bibliographiques
Auteur principal: Tkach, Viktoriia (Auteur)
Autres auteurs: Výleta, Roman (Directeur de thèse)
Format: Manuscrit Livre
Langue:slovaque
Publié: 2024
Sujets:
Accès en ligne:http://is.stuba.sk/zp/portal_zp.pl?podrobnosti=166055
Tags: Ajouter un tag
Pas de tags, Soyez le premier à ajouter un tag!

MARC

LEADER 00000ntm a22000003a 4500
001 stuzp94699
003 SK-STU
005 20240629210818.4
007 ta
008 150427s2015----xo-----f-mn---000-0-slo-d
040 |a STU  |b slo 
041 0 |a slo 
100 1 |a Tkach, Viktoriia  |u 010160  |4 aut  |U SvF Stavebná fakulta  |T SvF Katedra vodného hospodárstva krajiny  |X 112635  |U V160  |Y 16  |7 112635 
242 0 1 |a Revitalization of the surroundings of the Ružinov lake near the Ružinov Hospital in Bratislava  |y eng 
245 1 0 |a Revitalizácia okolia Ružinovského jazera pri ružinovskej nemocnici v Bratislave 
260 |c 2024 
650 4 |a revitalizácia  |2 slo 
650 4 |a jazero Rohlík  |2 slo 
650 4 |a nemocničný areál/záhrada  |2 slo 
650 4 |a revitalization  |2 eng 
650 4 |a hospital area/garden  |2 eng 
650 4 |a Rohlík lake  |2 eng 
700 1 |a Výleta, Roman  |u 010160  |k Z1  |4 ths  |U SvF Stavebná fakulta  |T SvF Katedra vodného hospodárstva krajiny  |X 16811  |U V160  |Y 16  |7 A000016811 
856 4 |u http://is.stuba.sk/zp/portal_zp.pl?podrobnosti=166055